000 00495nam a2200145Ia 4500
008 100204s9999 xx 000 0 und d
082 _b13787
100 _aखाडीलकर उषा
245 _aकविता काजळलेली
260 _b"गृहलक्ष्मी प्रकाशन, मुंबई 4"
_c1985
300 _a92
630 _aकविता काजळलेली
730 _aकविता काजळलेली
942 _cBOOK
999 _c458219
_d458216